Red strangers, (Record no. 1288)

MARC details
000 -LEADER
fixed length control field 00826cam a22002771 4500
001 - CONTROL NUMBER
control field 10186126
003 - CONTROL NUMBER IDENTIFIER
control field OSt
005 - DATE AND TIME OF LATEST TRANSACTION
control field 20230619122317.0
008 - FIXED-LENGTH DATA ELEMENTS--GENERAL INFORMATION
fixed length control field 770325s1939 nyuf 000 0 eng
010 ## - LIBRARY OF CONGRESS CONTROL NUMBER
LC control number 39027912
035 ## - SYSTEM CONTROL NUMBER
System control number (OCoLC)2832411
040 ## - CATALOGING SOURCE
Original cataloging agency DLC
Transcribing agency CtU
Modifying agency DLC
082 ## - DEWEY DECIMAL CLASSIFICATION NUMBER
Classification number 301.63
Item number HUX
100 1# - MAIN ENTRY--PERSONAL NAME
Personal name Huxley, Elspeth,
Dates associated with a name 1907-1997.
245 10 - TITLE STATEMENT
Title Red strangers,
Remainder of title a novel.
260 ## - PUBLICATION, DISTRIBUTION, ETC. (IMPRINT)
Place of publication, distribution, etc. New York,
-- London,
Name of publisher, distributor, etc. Harper & brothers,
Date of publication, distribution, etc. 1939.
300 ## - PHYSICAL DESCRIPTION
Extent viii, 405, [1] p., 1 l.
Other physical details plates.
Dimensions 21 cm.
500 ## - GENERAL NOTE
General note "Printed in Great Britain."
650 #0 - SUBJECT ADDED ENTRY--TOPICAL TERM
Topical term or geographic name as entry element Kikuyu (African people)
General subdivision Fiction.
650 #0 - SUBJECT ADDED ENTRY--TOPICAL TERM
Topical term or geographic name as entry element Europeans
Geographic subdivision Kenya
General subdivision Fiction.
650 #0 - SUBJECT ADDED ENTRY--TOPICAL TERM
Topical term or geographic name as entry element Race relations
General subdivision Fiction.
651 #0 - SUBJECT ADDED ENTRY--GEOGRAPHIC NAME
Geographic name Kenya
General subdivision Fiction.
655 #7 - INDEX TERM--GENRE/FORM
Genre/form data or focus term Domestic fiction.
Source of term lcsh
906 ## - LOCAL DATA ELEMENT F, LDF (RLIN)
a 7
b cbc
c oclcrpl
d u
e ncip
f 19
g y-gencatlg
942 ## - ADDED ENTRY ELEMENTS (KOHA)
Source of classification or shelving scheme Dewey Decimal Classification
Koha item type Books
Holdings
Withdrawn status Lost status Source of classification or shelving scheme Damaged status Not for loan Home library Current library Date acquired Total Checkouts Full call number Barcode Date last seen Price effective from Koha item type
    Dewey Decimal Classification     County Hall Archives County Hall Archives 06/19/2023   301.63 HUX 10000032 06/19/2023 06/19/2023 Books
LIBRARY OPENING HOURS

When the Parliament is sitting: 8.00a.m - 7.00p.m or until the house adjourns
Mondays and Fridays and when the House is on Recess:  8.00a.m - 5.00p.m
Closed on Weekends and Public Holidays

Online Public Access Catalog (OPAC)
Website: http://www.parliament.go.ke
Bunge Library: https://libraryir.parliament.go.ke
Contact: library@parliament.go.ke | Tel no: (254-2)2221291 or 2848000 Ext 5043